00388nam a2200157Ia 45000010006000000050017000060080041000230410008000640820016000721000019000882450062001072600009001693000036001786500008002146540008002221338120260306164757.0260306t2009||||xx |||||||||||||| ||spa|| aESP a003.3bH439 aHey, TonyeAUT 4aThe fourth paradigm:bdata-intensive scientific discovery c2009 axxxiii, 252 páginas :c25 cm. aGEN aCCC